000
00326nam a2200133Ia 4500
008
240624s9999 xx 000 0 und d
041
_a
eng
082
_a
339 KOU
100
_a
KOURETAS GEORGIOS P
245
_a
MACROECONOMIC ANALYSIS AND INTERNATIONAL
260
_c
2014
300
_a
xv, 268 p.; 23 cm.
365
_c
BPS
_b
38
999
_c
30577
_d
30577